| 000 | 00645nam a2200205 4500 | ||
|---|---|---|---|
| 999 |
_c186375 _d186375 |
||
| 005 | 20220225115936.0 | ||
| 010 | _aENG-131795 | ||
| 020 |
_a9789380831121 _c140.00 |
||
| 035 | _aEN-115327 | ||
| 037 | _bDBAD/PUB | ||
| 082 | _a651 | ||
| 245 |
_aOffice Secretaryship/ _cS. Anusha Rao ...[et.al.] |
||
| 260 |
_aHyderabad _bSevenHills International Publishers _c2021 |
||
| 270 |
_a#326, Level-4, Surneni Nilayam Near, B K Guda park, S R Nagar _bhyderabad _e500038 |
||
| 300 |
_aviii, 176p. _c21cm(pbk) |
||
| 700 | _aHemalatha, v. | ||
| 700 | _aKumar, M. Ananth | ||
| 700 | _aRao, O. Kameswara | ||
| 942 |
_2ddc _cEN _h651 _mOFF |
||